Zygmunt Łempicki

Titel: Zygmunt Łempicki
Verfasser:
In: Deutsch-polnisches Jahrbuch der Germanistik, (1993), Seite 125-149
alle Artikel anzeigen
Veröffentlicht: 1993
Format: Aufsatz
Sprache: Deutsch
Schlagworte:
Kein Bild verfügbar
X
alg: 13081258
001A    $04504:23-08-05 
001B    $03025:13-02-26 $t10:51:44.000 
001D    $04504:23-08-05 
001U    $0utf8 
001X    $00 
002@    $0Aox 
003@    $0130812587 
007A    $0130812587 $aHEB 
007E    $049165 
010@    $ager 
011@    $a1993 
021A    $aZygmunt Łempicki 
028A    $7123637015 $8Sauerland, Karol$Z1936- [Tp1] $9103725458 
031A    $h125-149 $j1993 
039B    $aIn $8--Abvc--. Deutsch-polnisches Jahrbuch der Germanistik. - [Bonn] : DAAD, 1993 $x199300000000000875 $9048640050 
044K    $#Lempicki, Zygmunt $#Lempicki, Zygmunt von $#Lempicki, Siegmund von $#Lempicki, Sigmund von $7116898380 $8Łempicki, Zygmunt$Z1886-1943 [Tp1] $9150773080 
045T    $aLING $qDE-30 $2FID 
045T    $aGER $qDE-30 $2FID 
045V    $801.08.00$jZu einzelnen Germanisten, Literaturtheoretikern und Essayisten [Tkx] $9118843184 

lok: 13081258 62

exp: 13081258 62 1 #EPN
201B/01 $028-12-12 $t20:14:13.000 
201U/01 $0utf8 
203@/01 $0286866005 
206W/01 $0perSW-1 28.12.2012 20:14:13 
208@/01 $a09-08-05 $be 
209A/01 $a/ $f000 $x00 
209B/01 $a1993 $x05 
244Z/01 $aLempicki, Zygmunt  $x01 
247C/01 $8Frankfurt, Bibliographie der Deutschen Sprach- und Literaturwissenschaft $9113214561 

lok: 13081258 78

exp: 13081258 78 1 #EPN
201B/01 $015-11-18 $t14:23:19.000 
201C/01 $015-11-18 
201U/01 $0utf8 
203@/01 $0103447667X 
208@/01 $a15-11-18 $be 
209A/01 $a/ $f000 $x00 
209A/01 $ab*p $x01 
220C/01 $apgar 
244Z/01 $#Generalgouvernement Polen $#Polska $#Rzeczpospolita Polska $#Polska Rzeczpospolita Ludowa $#Poland $#Pologne $#République Polonaise $#Generalne Gubernatorstwo w Polsce $#Polish People's Republic $#Polska Rzeczpospolita Polen $#PRL $#RP $#Polen Generalgouvernement $#Polska Generalgouvernement $#Besetzte Polnische Gebiete $#Besetztes Gebiet in Polen $#Okupowane Polskie Obszary $#Obszary Okupowane w Polsce $#Volksrepublik Polen $#Polska Rosyjska $#Republic Polen $#Respublika Pol'ša $#Pol'skaja Narodnaja Respublika $#République de Pologne $#Polen Links der Weichsel $#Polska po Lewej Stronie Wisły $#Lenkija $#Polija $#Gubernija Carstva Pol'skago $#Republik Polen $74046496-9 $8--Tg1--Polen $x01 $9085129801 
247C/01 $82080>Marburg/Lahn, Herder-Institut, Forschungsbibliothek, Bibliographieportal $9336309341
LEADER 00000caa a22000002c 4500
001 130812587
003 DE-603
005 20260213105144.0
007 tu
008 050823s1993 xx |||| | u00||u|ger c
035 |a (DE-599)HEB130812587 
040 |a DE-603  |b ger  |c DE-603  |d DE-603 
041 |a ger 
084 |a LING  |q DE-30  |2 fid 
084 |a GER  |q DE-30  |2 fid 
100 1 |a Sauerland, Karol  |d 1936-  |0 (DE-603)103725458  |0 (DE-588)123637015  |2 gnd 
245 0 0 |a Zygmunt Łempicki 
264 0 |c 1993 
600 1 7 |a Łempicki, Zygmunt  |d 1886-1943  |0 (DE-588)116898380  |0 (DE-603)150773080  |2 gnd 
773 0 8 |i In  |t Deutsch-polnisches Jahrbuch der Germanistik  |d [Bonn] : DAAD, 1993  |g (1993), Seite 125-149  |w (DE-603)048640050  |w (DE-600)1174648-8 
924 0 |9 603  |a (DE-603)286866005  |b DE-603  |c HES  |d d 
924 0 |9 2080  |a (DE-603)103447667X  |b DE-2080  |c HES  |d d  |g /